Petit Bac - Pokemon de la 4ème Generation - Statistiques

Statistiques générales
  • Ce quiz a été pris 90 fois
  • Le résultat moyen est 16 sur 18
Statistiques - réponses
Lettre Pokemon % Correct
P (10) Prinplouf | Pingoléon | Papilord | Pachirisu | Ptiravi | Pijako | Phyllali | Porygon-Z | Palkia | Phione
99%
C (21) Chimpenfeu | Castorno | Crikzik | Charkos | Cheniti | Cheniselle | Ceribou | Ceriflor | Capidextre | Corboss | Chaglam | Chaffreux | Carmache | Carchakrok | Cradopaud | Coatox | Coudlangue | Créhelf | Créfollet | Créfadet | Crésselia
97%
D (5) Dinoclier | Drascore | Dimoret | Dialga | Darkraï
97%
G (6) Grodrive | Griknot | Goinfrex | Givrali | Gallame | Giratina
97%
T (6) Tortipouss | Torterra | Tiplouf | Tritosor | Togekiss | Tarinorme
96%
E (5) Étourmi | Étourvol | Étouraptor | Écayon | Élekable
94%
M (14) Mélokrik | Mustébouée | Mustéflott | Magirêve | Moufouette | Moufflair | Manzaï | Mime Jr. | Magnézone | Maganon | Mammochon | Momartik | Motisma | Manaphy
94%
S (5) Simiabraz | Sancoki | Spiritomb | Scorvol | Shaymin
94%
B (7) Boskara | Bastiodon | Baudrive | Babimanta | Blizzi | Blizzaroi | Bouldeneu
92%
A (5) Apitrini | Apireine | Archéomire | Archéodong | Arceus
88%
H (3) Hippopotas | Hippodocus | Heatran
88%
L (7) Lixy | Luxio | Luxray | Laporeille | Lockpin | Lucario | Luminéon
88%
R (6) Rozbouton | Roserade | Riolu | Rapion | Rhinastoc | Regigigas
88%
K (3) Keunotor | Kranidos | Korillon
86%
O (1) Ouisticram
86%
Y (1) Yanmega
86%
V (1) Vortente
60%
N (1) Noctunoir
55%
Aucun quiz correspondant
Distribution des résultats
% des personnes avec chaque résultat
Percentile par nombre de réponses
Votre historique - résultats
Vous n’avez pas pris ce quiz